El poder de los argumentos : Coloquio Internacional Karl Popper /

Guardado en:
書目詳細資料
企業作者: Coloquio Internacional Karl Popper ( México)
其他作者: Suárez-Iñiguez, Enrique (coordinación) (coordinación)
格式: Procedimiento de la conferencia 圖書
語言:西班牙语
出版: México ; UNAM, Coordinación de Humanidades : Miguel Angel Porrúa, 1997, c1997
叢編:(Las Ciencias Sociales)
主題:
標簽: 添加標簽
沒有標簽, 成為第一個標記此記錄!

MARC

LEADER 00000nam^a2200000^a^4500
001 000413748
005 20250521000000.0
009 20260526144042.337
020 |a 968-842-684-9 
037 |a Acervo ITESO - Biblioteca 
041 |a ESP 
082 |a 146. 42  |b POP EST COL 
111 |a Coloquio Internacional Karl Popper (  |d 1994 :  |c México) 
245 1 3 |a El poder de los argumentos :  |b Coloquio Internacional Karl Popper /  |c Coord. de E. Suárez-Iñiguez ; tr. por Leticia Leduc. 
264 4 |a México ;  |b UNAM, Coordinación de Humanidades :  |b Miguel Angel Porrúa,  |c 1997, c1997 
300 |a 274 p. 
336 |a texto  |b txt  |2 rdacontenido 
337 |a sin mediación  |b n  |2 rdamedio 
338 |a volumen  |b nc  |2 rdasoporte 
440 5 |a (Las Ciencias Sociales) 
649 |a XX 
650 |a Filósofos Austríacos 
650 |a Epistemología 
650 |a Falsacionismo -  |x Historia y Crítica 
650 |a Racionalismo -  |x Historia y Crítica 
650 |a Determinismo -  |x Historia y Crítica 
650 |a Selección Natural 
650 |a Educación 
650 |a Positivismo Lógico -  |x Historia y Crítica 
650 |a Filosofía Política 
650 |a Filosofía del Siglo XX -  |x Historia y Crítica 
650 |a Filosofía Austríaca -  |x Historia y Crítica 
650 |a Filosofía -  |x Congresos -  |x Tema Principal 
650 |a Popper, Karl R. -  |x Tema Principal 
650 |a Platón 
700 |a Suárez-Iñiguez, Enrique  |e (coordinación) 
910 |a Fondo General 
920 |a Impresos - Libros 
930 |a Colección General 
905 |a 101 
901 |a 0500312377  |b IT1  |c ACC  |i C164652  |u 20250521 
902 |a https://opac.biblio.iteso.mx/vufind/Record/000413748